000 00839nam a2200253Ia 4500
003 OSt
005 20221005102832.0
006 a|||||r|||| 00| 0
007 ta
008 221004b |||||||| |||| 00| 0 hin d
024 _a77603
037 _cTextual
040 _aCRL
_cCRL
_bhin
041 _2hin
_ahin
082 _aY7, 152L4
100 _aशर्मा, एस. आर.
245 0 _aमानव इतिहास की रूप - रेखा
246 _aMānav itihās kī rūp - rekhā
260 _aआगरा
_bलक्ष्मीनारायण अग्रवाल भारत
_c1974
300 _a408पृ0
_ccm.
650 _aभारतीय-लोक साहित्य
942 _hY7, 152L4
_cTEXL
_2cc
999 _c1009025
_d1009025